00173nam a2200073Ia 4500008004100000100001800041245002500059999001500084170524s9999 xx 000 0 und d aNARGUNDKAR- R 0aMARKETING MANAGEMENT c9716d9716